000 00547nam a2200169 a 4500
001 000014187
005 20200929163518.0
008 091207s1990 dr a 000 spa d
040 _aDO-SdBNP
_bspa
_cBNPHU
090 _axxxx
_bO58i
100 1 _aOnieva Morales, Juan Luis
_932059
245 1 0 _aIntercomunicación 2 :
_bcurso básico para el aprendizaje activo del español /
_cJuan Luis Onieva Morales.
260 _aSanto Domingo, :
_bPlaza Playor,
_c1990.
300 _a216 p. :
_bil. ;
_c27 cm.
500 _aEdición preliminar
049 _aBNPD
999 _c13788
_d13788